SCHAUM'S OUTLINES LINEAR ALGEBRA (Record no. 216790)

MARC details
000 -LEADER
fixed length control field 00532nam a22001937a 4500
008 - FIXED-LENGTH DATA ELEMENTS--GENERAL INFORMATION
fixed length control field 260305b |||||||| |||| 00| 0 eng d
020 ## - INTERNATIONAL STANDARD BOOK NUMBER
International Standard Book Number 978-1-260-01144-5
050 ## - LIBRARY OF CONGRESS CALL NUMBER
Classification number QA 184.2 .L57 2018
100 ## - MAIN ENTRY--PERSONAL NAME
Personal name LIPSCHUTZ,SEYMOUR ,PHD
245 ## - TITLE STATEMENT
Title SCHAUM'S OUTLINES LINEAR ALGEBRA
250 ## - EDITION STATEMENT
Edition statement 6TH
260 ## - PUBLICATION, DISTRIBUTION, ETC.
Place of publication, distribution, etc. McGraw-hill
Name of publisher, distributor, etc. McGraw-hill education
Date of publication, distribution, etc. 2018
300 ## - PHYSICAL DESCRIPTION
Extent vi,425p. ill
500 ## - GENERAL NOTE
General note INCLUDES INDEX
650 ## - SUBJECT ADDED ENTRY
Topical term or geographic name entry element ALGEBRA, LINEAR -OUTLINES
700 ## - ADDED ENTRY--PERSONAL NAME
Personal name LIPSON.MARC PHD
942 ## - ADDED ENTRY ELEMENTS (KOHA)
Source of classification or shelving scheme Library of Congress Classification
Koha item type Long Loan Book
Holdings
Withdrawn status Lost status Source of classification or shelving scheme Damaged status Not for loan Collection Home library Current library Shelving location Date acquired Inventory number Total checkouts Full call number Barcode Date last seen Copy number Price effective from Koha item type
    Library of Congress Classification     Science & Technology Kisii University Library Kisii University Library On Display 03/05/2026 112166   QA 184.2 .L57 2018 A001025 03/05/2026 1 03/05/2026 Long Loan Book
    Library of Congress Classification     Science & Technology Kisii University Library Kisii University Library On Display 03/05/2026 112167   QA 184.2 .L57 2018 A001052 03/05/2026 2 03/05/2026 Long Loan Book
    Library of Congress Classification     Science & Technology Kisii University Library Kisii University Library On Display 03/05/2026 112168   QA 184.2 .L57 2018 A001027 03/05/2026 3 03/05/2026 Long Loan Book
    Library of Congress Classification     Science & Technology Kisii University Library Kisii University Library On Display 03/05/2026 112169   QA 184.2 .L57 2018 A001028 03/05/2026 4 03/05/2026 Long Loan Book